000 00556 a2200169 4500
001 141648
040 _cLeonardo Da Vinci
041 _aPortuguês
082 _a637.9 A865h
_bA865h
100 _aASSIS, Célia (Coord.)
245 _aA história do leite
260 _bPrêmio
_c1997
_aSão Paulo
300 _a111
362 _a19970000
697 _aHistória do leite
_aLaticínio
_aIndústria
_aEvolução
_aLeite pasteurizado
_aLeite esterilizado
_aCoalhada
_aIogurte
_aBebida láctea
_aQueijo
_aCreme de leite
_aChantilly
_aManteiga
_aAlimentos
942 _cBK
999 _c141648
_d141648